Arnie na ilha dos mares do sul (Registo nº 2040)

Detalhes MARC
000 -Etiqueta do registo
Cabeçalho 00872nam a22002891 4500
005 - Identificador da versão
Campo de controlo 20240813121923.0
095 ## -
-- PTBN00450006
100 ## - Dados gerais de processamento
Dados gerais de processamento 19980319d1972 da y0pory5003 ba
102 ## - Pais de publicação ou produção
País de publicação Portugal
101 1# - Língua de publicação
Língua do texto, banda sonora, etc. Português
Língua do documento no original Francês
106 ## - Campo de dados codificados: material textual
Dados codificados do material textual r
105 ## - Campo de dados codificados: livros
Dados codificados dos livros a z 000fy
215 ## - Descrição física 
Indicação específica da natureza do documento e extensão da espécie [29] p.
Outras indicações físicas muito il.
Dimensões 32 cm
200 1# - Titulo e menção de responsabilidade
Título próprio Arnie na ilha dos mares do sul
Primeira menção de responsabilidade Pierre Levie
Outras menções de responsabilidade il. Nadine Forster
-- trad. Eduardo Alves de Moura
225 2# - Colecção 
Título próprio da colecção Arnie
Indicação de volume 1
210 ## - Publicação, Distribuição, etc. 
Lugar da edição, distribuição, etc. Lisboa
Nome do editor, distribuidor, etc. Plátano
Data da publicação, distribuição, etc. [D.L. 1972]
606 ## - Nome comum usado como assunto
Número de registo de entrada de autoridade 0000015
Palavra de ordem Literatura estrangeira infanto-juvenil
Subdivisão de assunto Conto
675 ## - Classificação Decimal Universal (CDU)
Notação 82-34
Edição
Língua da edição por
702 #1 - Nome de autor-pessoa física (responsabilidade secundária)
Número de registo de entrada de autoridade 0000759
Palavra de ordem Forster
Outra parte do nome não tomada para palavra de ordem Nadine
Código de função Ilustrador / Técnico de desenho computorizado
Número de registo de entrada de autoridade 0000761
Palavra de ordem Moura
Outra parte do nome não tomada para palavra de ordem Eduardo Marinha Alves de
Datas 1895-?
Código de função Tradutor
700 #1 - Nome de autor-pessoa física (responsabilidade principal)
Número de registo de entrada de autoridade 0000758
Palavra de ordem Levie
Outra parte do nome não tomada para palavra de ordem Pierre
942 ## - Elementos de entrada adicionados (Koha)
Tipo de item no Koha Livro
Exemplares
Situação do levantamento Origin of item (home branch) (coded) Biblioteca de empréstimo Código de barras Cota Circulation type (not for loan) Tipo de documento Nota do exemplar Damaged status
  Biblioteca Escolar da Coca Maravilhas Biblioteca Escolar da Coca Maravilhas BECM3491/98 8EST LEV   Livro Sem mensagem